The lemon tree caper : a Mickey Rangel mystery /
Salvato in:
| Autore principale: | |
|---|---|
| Altri autori: | |
| Natura: | Elettronico eBook |
| Lingua: | inglese spagnolo |
| Pubblicazione: |
Houston, Texas :
Piñata Books : Arte Público Press,
[2011]
|
| Soggetti: | |
| Accesso online: | Digitalia Hispánica |
| Tags: |
Aggiungi Tag
Nessun Tag, puoi essere il primo ad aggiungerne!!
|
MARC
| LEADER | 00000nam a2200000 i 4500 | ||
|---|---|---|---|
| 001 | DIGARTEP0093 | ||
| 003 | NyNyDIG | ||
| 007 | cr ||||||||||| | ||
| 008 | 221208s2011 txua co 000 j eng d | ||
| 006 | m o d | ||
| 035 | |a (OCoLC)852898611 | ||
| 040 | |a DGITA |b eng |e rda |e pn |c DGITA | ||
| 020 | |a 9781611924374 |q eBook | ||
| 020 | |z 9781558857094 | ||
| 041 | 1 | |a eng |a spa |h eng | |
| 050 | 1 | 4 | |a PZ73 ebook |
| 100 | 1 | |a Saldaña, René, |e author. | |
| 245 | 1 | 4 | |a The lemon tree caper : |b a Mickey Rangel mystery / |c by René Saldaña, Jr. ; Spanish translation by Natalia Rosales-Yeomans = La intriga del limonero : colección Mickey Rangel, detective privado / por René Saldaña, Jr. ; traducción al español de Natalia Rosales-Yeoman. |
| 246 | 3 | 1 | |a Intriga del limonero |
| 264 | 1 | |a Houston, Texas : |b Piñata Books : |b Arte Público Press, |c [2011] | |
| 300 | |a 1 online resource : |b illustrations. | ||
| 336 | |a text |b txt |2 rdacontent | ||
| 337 | |a computer |b c |2 rdamedia | ||
| 338 | |a online resource |b cr |2 rdacarrier | ||
| 347 | |a text file |2 rdaft | ||
| 347 | |b PDF | ||
| 347 | |b EPUB | ||
| 546 | |a Text in English and Spanish. | ||
| 588 | 0 | |a Online resource; title from PDF title page (Digitalia, viewed December 8, 2022) | |
| 655 | 7 | |a Detective and mystery fiction. |2 lcgft | |
| 655 | 7 | |a Short stories. |2 lcgft | |
| 700 | 1 | |a Rosales-Yeomans, Natalia, |e translator. | |
| 700 | 1 | |i Translation of: |a Saldaña, René. |t Lemon tree caper. | |
| 700 | 1 | 2 | |i Container of (work): |a Saldaña, René. |t Lemon tree caper. |
| 700 | 1 | 2 | |i Container of (expression): |a Saldaña, René. |t Lemon tree caper. |l Spanish |s (Rosales-Yeomans) |
| 791 | 2 | |a Digitalia (Firm), |e distributor. | |
| 793 | 0 | |g Digitalia eBook Collection: |a Arte Publico Press | |
| 776 | 0 | 8 | |i Print version: |a Saldaña, René. |t Lemon tree caper. |d Houston, Texas : Piñata Books : Arte Público Press, [2011] |z 9781558857094 |
| 856 | 4 | 0 | |3 Digitalia Hispánica |u https://digitalia.unach.elogim.com/a/23087/ |
| 910 | |a Premium collection: 2022 | ||